000
00191 a2200097 4500
001
5204
100
_a
Joseph,A
245
_a
Programmed physics
260
_a
_b
Wiley
_c
090
_c
4328
_d
4328
942
_a
NUST-CAE
_c
M
_c
30632
999
_c
240277
_d
240277